Tracklist Quiz - Pink Friday 2 Album - Statistics

General Stats
  • This quiz has been taken 13 times
  • The average score is 23 of 24
Answer Stats
Tracks Collab/Featured Artist(s) % Correct
Bahm Bahm
100%
Beep Beep
100%
Beep Beep feat. 50 Cent
100%
Blessings feat. Tasha Cobbs Leonard
100%
Cowgirl feat. Lourdiz
100%
Everybody feat. Lil Uzi Vert
100%
Forward From Trini feat. Skillibeng & Skeng
100%
FTCU
100%
Let Me Calm Down feat. J. Cole
100%
My Life
100%
Needle feat. Drake
100%
Pink Friday Girls
100%
Red Ruby Da Sleeze
100%
RNB feat. Lil Wayne & Tate Kobang
100%
Are You Gone Already
89%
Barbie Dangerous
89%
Big Difference
89%
Fallin 4 U
89%
Just The Memories
89%
Last Time I Saw You
89%
Nicki Hendrix feat. Future
89%
Pink Birthday
89%
Super Freaky Girl
89%
Love Me Enough feat. Keyshia Cole & Monica
78%
No matching quizzes found
Score Distribution
Percent of People with Each Score
Percentile by Number Answered
Your Score History
You have not taken this quiz